Family and male fraternity

Salvato in:
Dettagli Bibliografici
Autore principale: Bluher, Hans
Natura: Libro
Lingua:inglese
Tags: Aggiungi Tag
Nessun Tag, puoi essere il primo ad aggiungerne!!

MARC

LEADER 00000nam a2200000 4500
005 20240724173051.0
008 240724b |||||||| |||| 00| 0 eng d
040 |c GP 
100 |a Bluher, Hans 
245 |a Family and male fraternity 
942 |2 ddc  |c BK  |n 0 
952 |0 0  |1 0  |2 ddc  |4 0  |6 306_000000000000000_BLU  |7 1  |9 1718  |a RM  |b RM  |d 2024-07-24  |l 0  |o 306 BLU  |p 484  |r 2024-07-24 17:31:12  |w 2024-07-24  |y BK 
999 |c 1531  |d 1531